College writing skills and college writing skills with readings
This edition, features Langan's renowned clear writing style and wide range of writing assignments and activities that reinforce the four essentials of good writing: Unity, Support, Coherence and Sentence Skills.
Đã lưu trong:
| Príomhúdar: | |
|---|---|
| Formáid: | Leabhar |
| Teanga: | Undetermined |
| Foilsithe: |
New York
McGraw-Hill
2005
|
| Ábhair: | |
| Clibeanna: |
Cuir Clib Leis
Gan Chlibeanna, Bí ar an gcéad duine leis an taifead seo a chlibeáil!
|
| Thư viện lưu trữ: | Trung tâm Học liệu Trường Đại học Cần Thơ |
|---|
| LEADER | 00829nam a2200193Ia 4500 | ||
|---|---|---|---|
| 001 | CTU_171450 | ||
| 008 | 210402s9999 xx 000 0 und d | ||
| 082 | |a 808.8 | ||
| 082 | |b L106 | ||
| 100 | |a Langan, John | ||
| 245 | 0 | |a College writing skills and college writing skills with readings | |
| 245 | 0 | |c John Langan | |
| 260 | |a New York | ||
| 260 | |b McGraw-Hill | ||
| 260 | |c 2005 | ||
| 520 | |a This edition, features Langan's renowned clear writing style and wide range of writing assignments and activities that reinforce the four essentials of good writing: Unity, Support, Coherence and Sentence Skills. | ||
| 650 | |a Reading (Higher education),College readers,Kỹ năng đọc cao đẳng đại học,Đọc giả học thuật | ||
| 904 | |i Phương | ||
| 980 | |a Trung tâm Học liệu Trường Đại học Cần Thơ | ||